000 00839cam a2200241 4500
001 WB3641-02
008 000000n2000 000 0 eng u
035 _a(Sirsi) u108828
245 _a£500m partnering pathfinder
260 _c2000
490 _aContract Journal
_v 11 October 2000, 1(1)
520 _aNHS will launch its Procure 21 initiative in November with a £500m pilot scheme in the north west and west midlands. The pathfinder contract involves £100m a year of capital works and PPP shared between five prime contracting consortia.
590 _aWB
650 _aNHS ESTATES
650 _aNORTHWEST ENGLAND
650 _aWEST MIDLANDS
650 _aPRIME CONTRACTING
650 _aPROCURE 21
650 _aCONSTRUCTION PROCUREMENT
650 _aProcurement-old
690 _aBUILT ENVIRONMENT
942 _n0
999 _c64975
_d64975